Statistics for Famous Child Actors by Picture

Click here to take the quiz!

General Stats

  • This quiz has been taken 718 times
  • The average score is 7 of 16

Answer Stats

Answer% Correct
Daniel Radcliffe
87%
Emma Watson
86%
Macaulay Culkin
82%
Miley Cyrus
77%
Shirley Temple
63%
Jaden Smith
60%
Dakota Fanning
55%
Elizabeth Taylor
45%
Fred Savage
30%
Ron Howard
25%
Melissa Gilbert
19%
Maureen McCormick
14%
Bindi Irwin
11%
Emmanuel Lewis
11%
Jerry Mathers
11%
Spanky McFarland
8%

Score Distribution

Percentile by Number Answered

Percent of People with Each Score

Your Score History

You have not taken this quiz